Statistics for Baseball Nicknames

Click here to take the quiz!

General Stats

  • This quiz has been taken 27 times
  • The average score is 14 of 20

Answer Stats

Nickname Player Career % Correct
Sultan of SwatBabe Ruth1914 - 1935
95%
Mr OctoberReggie Jackson1967 - 1987
91%
Charlie HustlePete Rose1963 - 1986
86%
Mr CubErnie Banks1953 - 1971
82%
The Splendid SplinterTed Williams1939 - 1960
82%
Say Hey KidWillie Mays1951 - 1973
82%
The Georgia PeachTy Cobb1905 - 1928
82%
The Big HurtFrank Thomas1990 - 2008
77%
The Yankee ClipperJoe DiMaggio1936 - 1951
77%
Tom TerrificTom Seaver1967 - 1986
73%
RocketRoger Clemens1984 - 2007
73%
The Wizard of OzOzzie Smith1978 - 1996
73%
Big PapiDavid Ortiz1997 - 2016
73%
The Iron HorseLou Gehrig1923 - 1939
73%
The Big TrainWalter Johnson1907 - 1927
59%
PudgeCarlton Fisk1969 - 1993
55%
The Flying DutchmanHonus Wagner1897 - 1917
55%
Le Grand OrangeRusty Staub1963 - 1985
45%
Rapid RobertBob Feller1936 - 1956
45%
ScooterPhil Rizzuto1943 - 1956
32%

Score Distribution

Percentile by Number Answered

Percent of People with Each Score

Your Score History

You have not taken this quiz